[Event "Nagpur op"]
[Site "Nagpur"]
[Date "2012.10.20"]
[Round "8"]
[White "Akshayraj, Kore"]
[Black "Stany, George Anthony"]
[Result "0-1"]
[WhiteElo "2472"]
[BlackElo "2404"]
[PlyCount "70"]
[EventDate "2012.10.16"]
[EventType "swiss"]
[EventRounds "11"]
[EventCountry "IND"]
[SourceTitle "EXT 2013"]
[Source "ChessBase"]
[SourceDate "2012.11.22"]
[SourceVersion "1"]
[SourceVersionDate "2012.11.22"]
[SourceQuality "1"]

1. d4 Nf6 2. c4 e6 3. Nc3 Bb4 4. f3 0-0 5. e4 d5 6. e5 Nfd7 7. cxd5 exd5 8. a3 Bxc3+ 9. bxc3 f6 10. exf6 Qxf6 11. Bd3 Nb6 12. Ne2 Bf5 13. 0-0 N8d7 14. Rb1 Rae8 15. g4 Bxd3 16. Qxd3 Qc6 17. Ng3 Nc4 18. Nf5 Nd6 19. Nxd6 cxd6 20. Qb5 Nb6 21. Qxc6 bxc6 22. Kf2 Na4 23. Bd2 Rb8 24. Rxb8 Rxb8 25. Bf4 Rb2+ 26. Kg3 Nxc3 27. Bxd6 Ne2+ 28. Kf2 Nxd4+ 29. Ke3 Nb5 30. Be5 Rb3+ 31. Kf4 Nxa3 32. Re1 Nc4 33. Bd4 Nd2 34. Re7 Rxf3+ 35. Ke5 Rf6 0-1

[Event "Nagpur op"]
[Site "Nagpur"]
[Date "2012.10.18"]
[Round "5"]
[White "Krishna, C Revanth Gopala"]
[Black "Akshayraj, Kore"]
[Result "1/2-1/2"]
[WhiteElo "2326"]
[BlackElo "2472"]
[PlyCount "47"]
[EventDate "2012.10.16"]
[EventType "swiss"]
[EventRounds "11"]
[EventCountry "IND"]
[SourceTitle "EXT 2013"]
[Source "ChessBase"]
[SourceDate "2012.11.22"]
[SourceVersion "1"]
[SourceVersionDate "2012.11.22"]
[SourceQuality "1"]

1. d4 Nf6 2. c4 e6 3. g3 c5 4. Nf3 cxd4 5. Nxd4 Bb4+ 6. Bd2 Bc5 7. Nb3 Be7 8. Nc3 d6 9. Bg2 0-0 10. 0-0 Nc6 11. Rc1 a6 12. e4 Ne5 13. Qe2 Qc7 14. Na4 Qc6 15. Nc3 Qc7 16. Nd1 Bd7 17. f4 Ng6 18. Be3 Rac8 19. Nf2 Qb8 20. Rfd1 Ba4 21. Nd3 Rfe8 22. Re1 Bf8 23. Nd2 Bc6 24. h3 1/2-1/2

[Event "Isthmia op-A 2nd"]
[Site "Korinthos"]
[Date "2012.08.22"]
[Round "6"]
[White "Kokolias, Konstantinos"]
[Black "Akshayraj, Kore"]
[Result "0-1"]
[WhiteElo "2205"]
[BlackElo "2483"]
[PlyCount "66"]
[EventDate "2012.08.18"]
[EventType "swiss"]
[EventRounds "9"]
[EventCountry "GRE"]
[SourceTitle "CBM 150 Extra"]
[Source "ChessBase"]
[SourceDate "2012.10.19"]
[SourceVersion "1"]
[SourceVersionDate "2012.10.19"]
[SourceQuality "1"]

1. e4 c5 2. Nf3 d6 3. d4 cxd4 4. Nxd4 Nf6 5. Nc3 a6 6. f3 e5 7. Nb3 Be6 8. Be3 Be7 9. Qd2 h5 10. 0-0-0 Nbd7 11. Be2 b5 12. Kb1 Qc7 13. h3 h4 14. f4 Rc8 15. f5 Bc4 16. Rc1 Nb6 17. Bxb6 Qxb6 18. Nd5 Bxd5 19. exd5 0-0 20. Rhe1 b4 21. Qd3 a5 22. Nd2 e4 23. Qb5 Qd4 24. Nb3 Qe5 25. Nxa5 Nxd5 26. Nc6 Rxc6 27. Qxc6 Bf6 28. c3 bxc3 29. Bd3 cxb2 30. Rc2 exd3 31. Rxe5 dxc2+ 32. Kxb2 Bxe5+ 33. Kb3 Bc3 0-1

[Event "Isthmia op-A 2nd"]
[Site "Korinthos"]
[Date "2012.08.19"]
[Round "2"]
[White "Akshayraj, Kore"]
[Black "Skaperdas, Kostantinos"]
[Result "1-0"]
[WhiteElo "2483"]
[BlackElo "2203"]
[PlyCount "69"]
[EventDate "2012.08.18"]
[EventType "swiss"]
[EventRounds "9"]
[EventCountry "GRE"]
[SourceTitle "CBM 150 Extra"]
[Source "ChessBase"]
[SourceDate "2012.10.19"]
[SourceVersion "1"]
[SourceVersionDate "2012.10.19"]
[SourceQuality "1"]

1. c4 e6 2. Nc3 Nf6 3. d4 Bb4 4. e3 0-0 5. Bd3 d5 6. Nf3 c5 7. 0-0 dxc4 8. Bxc4 b6 9. Qe2 Bb7 10. Rd1 Nbd7 11. d5 exd5 12. Nxd5 Nxd5 13. Bxd5 Bxd5 14. Rxd5 Qe8 15. a3 Ba5 16. b4 cxb4 17. Bb2 Qe6 18. Rad1 bxa3 19. Bxa3 Nc5 20. Ng5 Qg6 21. h4 f6 22. Bxc5 bxc5 23. Ne6 Rfe8 24. Qa6 Qf7 25. Nxg7 Red8 26. Nh5 Rxd5 27. Rxd5 Bb6 28. Rf5 Kh8 29. Qa1 Bd8 30. Nxf6 Bxf6 31. Rxf6 Qg7 32. h5 Rd8 33. Qe5 Kg8 34. h6 Qd7 35. Rd6 1-0